| 000 | 01528nam a2200205Ia 4500 | ||
|---|---|---|---|
| 000 | 01982naaa 00241uu | ||
| 001 | https://directory.doabooks.org/handle/20.500.12854/38052 | ||
| 008 | 211013s9999 xx 000 0 und d | ||
| 020 | _a9780262353939 | ||
| 042 | _adc | ||
| 245 | 0 | _aHuman Rights in the Age of Platforms | |
| 260 |
_aCambridge, MA _bThe MIT Press _c2019 |
||
| 520 | _aToday such companies as Apple, Facebook, Google, Microsoft, and Twitter play an increasingly important role in how users form and express opinions, encounter information, debate, disagree, mobilize, and maintain their privacy. What are the human rights implications of an online domain managed by privately owned platforms? According to the Guiding Principles on Business and Human Rights, adopted by the UN Human Right Council in 2011, businesses have a responsibility to respect human rights and to carry out human rights due diligence. But this goal is dependent on the willingness of states to encode such norms into business regulations and of companies to comply. In this volume, contributors from across law and internet and media studies examine the state of human rights in today's platform society. | ||
| 540 | _aCreative Commons | ||
| 653 | _aMedia & Communications | ||
| 700 | 1 | _aJorgensen, Rikke Frank | |
| 856 |
_uhttps://docs.google.com/spreadsheets/d/1yKIrdCPDAG_9c22mwoOIO2DOhtj65Wqa/edit?usp=sharing&ouid=106555315294820607512&rtpof=true&sd=true _yList of Curated E-Books |
||
| 942 | _cE-BOOK | ||
| 999 |
_c48334 _d48334 |
||